La vertiginosa adaptabilidad de los mercados financieros : una explicación evolutiva /

Bibliographic Details
Main Author: Lo, Andrew W. (Andrew Wen-Chuan) (Author)
Other Authors: Álvarez de la Miyar, Helena (Translator)
Format: Electronic eBook
Language:Spanish
English
Published: Barcelona : Antoni Bosch editor, [2018]
Subjects:
Online Access:Digitalia Hispánica

MARC

LEADER 00000nam a2200000Ii 4500
001 DIGANBSCH0023
003 NyNyDIG
006 m o d
007 cr |||||||||||
008 240103s2018 sp a o 000 0 spa d
035 |a (OCoLC)1417821629 
040 |a DGITA  |b eng  |e rda  |e pn  |c DGITA 
020 |a 9788494737664  |q eBook 
020 |z 9788494627194 
041 1 |a spa  |h eng 
050 1 4 |a HG4637 ebook 
082 0 4 |a 332  |2 23 
100 1 |a Lo, Andrew W.  |q (Andrew Wen-Chuan),  |e author. 
240 1 0 |a Adaptive markets.  |l Spanish  |s (Álvarez de la Miyar) 
245 1 3 |a La vertiginosa adaptabilidad de los mercados financieros :  |b una explicación evolutiva /  |c Andrew W. Lo ; traducción de Helena Álvarez de la Miyar. 
264 1 |a Barcelona :  |b Antoni Bosch editor,  |c [2018] 
300 |a 1 online resource :  |b illustrations. 
336 |a text  |b txt  |2 rdacontent 
337 |a computer  |b c  |2 rdamedia 
338 |a online resource  |b cr  |2 rdacarrier 
347 |a text file  |2 rdaft 
347 |b EPUB 
588 0 |a Online resource; title from ePub title page (Digitalia, viewed January 3, 2024) 
650 0 |a Finance. 
650 0 |a Stock exchanges. 
650 0 |a Efficient market theory. 
700 1 |a Álvarez de la Miyar, Helena,  |e translator. 
700 1 |i Translation of:  |a Lo, Andrew W.  |q (Andrew Wen-Chuan).  |t Adaptive markets. 
791 2 |a Digitalia (Firm),  |e distributor. 
793 0 |g Digitalia eBook Collection:  |a Antoni Bosch Editor 
776 0 8 |i Print version:  |a Lo, Andrew W. (Andrew Wen-Chuan).  |s Adaptive markets. Spanish (Álvarez de la Miyar).  |t Vertiginosa adaptabilidad de los mercados financieros.  |d Barcelona : Antoni Bosch editor, [2018]  |z 9788494627194 
856 4 0 |3 Digitalia Hispánica  |u https://www.digitaliapublishing.com/a/97133/ 
910 |a Premium collection: 2024